00399nam a22001577a 4500003000400000008004100004020001800045082001200063100002100075245003900096250001100135260002900146300000800175650003900183700001900222OSt250402b |||||||| |||| 00| 0 eng d a9789355739049 a302 BAC aBAUMEISTER,Roy F aSocial Psychology and Human Nature a5th Ed aNew DelhibCengagec2024 a529 aSocial Psychology and Human Nature aBUSHMAN,Brad J